[Event "ENCI Limburg-open A"]
[Site "Maastricht"]
[Date "2012.05.26"]
[Round "3"]
[White "Wiley, Tom E"]
[Black "Broekmeulen, Joris"]
[Result "1-0"]
[WhiteElo "2287"]
[BlackElo "1999"]
[PlyCount "59"]
[EventDate "2012.05.25"]
[EventType "swiss"]
[EventRounds "7"]
[EventCountry "NED"]
[Source "P.Boonen"]
[SourceDate "2013.01.01"]

1. d4 Nf6 2. c4 b6 3. Nc3 Bb7 4. f3 d5 5. cxd5 Nxd5 6. e4 Nxc3 7. bxc3 e5 8.
Be3 exd4 9. cxd4 Bb4+ 10. Kf2 O-O 11. Bc4 Nd7 12. Qb3 c5 13. Rd1 Qe7 14. Ne2
Rad8 15. Rhf1 Kh8 16. Ng3 cxd4 17. Bxd4 Bc5 18. Nf5 Bxd4+ 19. Rxd4 Qc5 20. Qe3
g6 21. Rfd1 Bc6 22. Nh6 Kg7 23. Bb3 Qe7 24. Ng4 Rc8 25. Rxd7 Bxd7 26. Qd4+ f6
27. Qxd7 Rfe8 28. Rd6 f5 29. exf5 gxf5 30. Ne3 1-0

[Event "ENCI Limburg-open A"]
[Site "Maastricht"]
[Date "2012.05.26"]
[Round "3"]
[White "Woestenburg, Jochem"]
[Black "Surewaard, Wilbert"]
[Result "1/2-1/2"]
[WhiteElo "2092"]
[BlackElo "2157"]
[PlyCount "51"]
[EventDate "2012.05.25"]
[EventType "swiss"]
[EventRounds "7"]
[EventCountry "NED"]
[Source "P.Boonen"]
[SourceDate "2013.01.01"]

1. e4 e5 2. Nf3 Nc6 3. Bb5 Nd4 4. Nxd4 exd4 5. O-O c6 6. Ba4 Bc5 7. d3 d6 8. f4
h5 9. f5 Qa5 10. Bb3 Nf6 11. Nd2 Ng4 12. Nf3 Ne5 13. Bf4 f6 14. Bxe5 dxe5 15.
Nh4 Bd7 16. Ng6 Rh6 17. Qe1 Bb4 18. Qg3 O-O-O 19. a3 Bd6 20. Nh4 Bf8 21. Bf7
Qc5 22. Rac1 Qe7 23. Bg6 Kb8 24. Qf3 Be8 25. a4 Qb4 26. b3 1/2-1/2

[Event "ENCI Limburg-open A"]
[Site "Maastricht"]
[Date "2012.05.27"]
[Round "4"]
[White "Balje, Jan"]
[Black "Van Meegen, Ruud"]
[Result "1-0"]
[WhiteElo "2175"]
[BlackElo "1958"]
[PlyCount "79"]
[EventDate "2012.05.25"]
[EventType "swiss"]
[EventRounds "7"]
[EventCountry "NED"]
[Source "P.Boonen"]
[SourceDate "2013.01.01"]

1. d4 g6 2. c4 Bg7 3. e4 c5 4. d5 e5 5. Nc3 d6 6. g3 Nd7 7. Bg2 Ne7 8. Nge2 O-O
9. O-O f5 10. exf5 gxf5 11. f4 a6 12. Qc2 Qe8 13. a4 Nf6 14. Bd2 Ng6 15. Rfe1
Qf7 16. Rab1 a5 17. Nb5 Ne8 18. Bc3 Bd7 19. b3 b6 20. Qb2 Bxb5 21. axb5 exf4
22. Nxf4 Nxf4 23. gxf4 Bxc3 24. Qxc3 Ng7 25. Re6 Rad8 26. Rh6 Nh5 27. Rf1 Nf6
28. Rf3 Ng4 29. Rg3 Qg7 30. Qxg7+ Kxg7 31. Re6 Kf7 32. Bf3 Nf6 33. Rg5 Rfe8 34.
Bh5+ Nxh5 35. Rxf5+ Kg7 36. Rxh5 Rxe6 37. dxe6 Re8 38. f5 Kf6 39. Kf2 Rf8 40.
Rxh7 1-0

[Event "ENCI Limburg-open A"]
[Site "Maastricht"]
[Date "2012.05.27"]
[Round "4"]
[White "Beeke, Bobby"]
[Black "Fier, Alexandr Hilario T"]
[Result "1/2-1/2"]
[WhiteElo "2231"]
[BlackElo "2596"]
[PlyCount "61"]
[EventDate "2012.05.25"]
[EventType "swiss"]
[EventRounds "7"]
[EventCountry "NED"]
[Source "P.Boonen"]
[SourceDate "2013.01.01"]

1. Nf3 Nf6 2. c4 c5 3. Nc3 Nc6 4. g3 d5 5. cxd5 Nxd5 6. Bg2 Nc7 7. d3 e5 8. Be3
Be7 9. Rc1 Bd7 10. O-O Rc8 11. Nd2 O-O 12. Nc4 b5 13. Bxc6 Bxc6 14. Nxe5 Ba8
15. f3 Nd5 16. Bf2 Bg5 17. f4 Nxf4 18. gxf4 Bxf4 19. Nf3 Bxc1 20. Qxc1 c4 21.
dxc4 Rxc4 22. Ne5 Rc8 23. Qf4 b4 24. Qxb4 Qg5+ 25. Bg3 Qe3+ 26. Rf2 Rb8 27. Qc4
Qc1+ 28. Rf1 Qe3+ 29. Rf2 Qc1+ 30. Rf1 Qe3+ 31. Rf2 1/2-1/2

[Event "ENCI Limburg-open A"]
[Site "Maastricht"]
[Date "2012.05.27"]
[Round "4"]
[White "Berg, Emanuel"]
[Black "Henrichs, Wenke"]
[Result "1-0"]
[WhiteElo "2587"]
[BlackElo "2092"]
[PlyCount "39"]
[EventDate "2012.05.25"]
[EventType "swiss"]
[EventRounds "7"]
[EventCountry "NED"]
[Source "P.Boonen"]
[SourceDate "2013.01.01"]

1. e4 c5 2. Nf3 Nc6 3. Bb5 Nd4 4. Nxd4 cxd4 5. O-O e6 6. d3 a6 7. Ba4 Nf6 8. e5
Ng8 9. Qg4 Qa5 10. Qxd4 Bc5 11. Qe4 Ne7 12. Nd2 f5 13. exf6 gxf6 14. Nc4 f5 15.
Qe5 Ng6 16. Qxe6+ Kd8 17. Qf6+ Be7 18. Qxh8+ Nxh8 19. Nxa5 b6 20. Nc4 1-0

[Event "ENCI Limburg-open A"]
[Site "Maastricht"]
[Date "2012.05.27"]
[Round "4"]
[White "Bezemer, Arno"]
[Black "Perrenet, Jacob"]
[Result "1-0"]
[WhiteElo "2354"]
[BlackElo "2078"]
[PlyCount "55"]
[EventDate "2012.05.25"]
[EventType "swiss"]
[EventRounds "7"]
[EventCountry "NED"]
[Source "P.Boonen"]
[SourceDate "2013.01.01"]

1. e4 Nc6 2. d4 e5 3. Nf3 exd4 4. Nxd4 Nge7 5. Nc3 Nxd4 6. Qxd4 Nc6 7. Qe3 Bb4
8. Bd2 d6 9. O-O-O O-O 10. Qg3 Be6 11. Bg5 f6 12. Bh6 Qd7 13. Nd5 Kh8 14. Be3
Qf7 15. Nxb4 Nxb4 16. a3 Nxc2 17. Kxc2 Bb3+ 18. Kc1 Bxd1 19. Kxd1 d5 20. exd5
Qxd5+ 21. Kc1 Rad8 22. Be2 Qa2 23. Rd1 Rd6 24. Rxd6 cxd6 25. Bd4 Re8 26. Qf3
Rc8+ 27. Bc3 Kg8 28. Bd3 1-0

[Event "ENCI Limburg-open A"]
[Site "Maastricht"]
[Date "2012.05.27"]
[Round "4"]
[White "Bijlsma, Nick"]
[Black "Tate, Emory"]
[Result "0-1"]
[WhiteElo "2151"]
[BlackElo "2307"]
[PlyCount "100"]
[EventDate "2012.05.25"]
[EventType "swiss"]
[EventRounds "7"]
[EventCountry "NED"]
[Source "P.Boonen"]
[SourceDate "2013.01.01"]

1. e4 e6 2. d4 d5 3. Nd2 Nc6 4. Ngf3 Nf6 5. e5 Nd7 6. Be2 Be7 7. Nf1 O-O 8. Ne3
f6 9. exf6 Nxf6 10. O-O Bd6 11. b3 Bd7 12. Bb2 Bf4 13. c4 Be8 14. Ba3 Rf7 15.
Nc2 Rd7 16. Bc1 Bxc1 17. Rxc1 Ne4 18. Qd3 Bg6 19. Qe3 a6 20. b4 Qe8 21. b5 axb5
22. cxb5 Ne7 23. Ne5 Nf5 24. Qd3 Re7 25. f3 Ned6 26. Qb3 Ra5 27. a4 Qa8 28. Ra1
Qa7 29. Rfd1 Nc8 30. g4 Nfd6 31. Nb4 Be8 32. Qc3 Nb6 33. Na6 Rxa4 34. Rxa4 Nxa4
35. Qa3 Nb6 36. Qc5 bxa6 37. bxa6 Nbc8 38. Rb1 c6 39. Nxc6 Bxc6 40. Qxc6 Qxd4+
41. Kf1 Qa7 42. Qa4 Rf7 43. Rb4 Rf8 44. Kg2 Ne4 45. fxe4 Qf2+ 46. Kh3 Qe3+ 47.
Kh4 g5+ 48. Kh5 Qh3+ 49. Kxg5 h6+ 50. Kg6 Ne7# 0-1

[Event "ENCI Limburg-open A"]
[Site "Maastricht"]
[Date "2012.05.27"]
[Round "4"]
[White "Boer, Alef"]
[Black "Faber, Hugo"]
[Result "1/2-1/2"]
[WhiteElo "2153"]
[BlackElo "2061"]
[PlyCount "107"]
[EventDate "2012.05.25"]
[EventType "swiss"]
[EventRounds "7"]
[EventCountry "NED"]
[Source "P.Boonen"]
[SourceDate "2013.01.01"]

1. c4 Nf6 2. g3 g6 3. Bg2 Bg7 4. Nc3 O-O 5. e4 d6 6. Nge2 c6 7. O-O e5 8. Rb1
Be6 9. d3 Qd7 10. f4 Bh3 11. f5 Bxg2 12. Kxg2 Ne8 13. g4 f6 14. d4 Nc7 15. Be3
b5 16. cxb5 cxb5 17. Qb3+ Qf7 18. Qxf7+ Rxf7 19. a4 bxa4 20. Nxa4 d5 21. dxe5
fxe5 22. fxg6 hxg6 23. Rxf7 Kxf7 24. Rc1 Nba6 25. Rc6 d4 26. Bd2 Bf8 27. Ba5
Rc8 28. Bxc7 Nxc7 29. Nc1 Bd6 30. Rxd6 Ne8 31. Rd5 Rxc1 32. Rxe5 Rc2+ 33. Kg3
Nf6 34. g5 Nh5+ 35. Kf3 Rxh2 36. Ra5 d3 37. Rxa7+ Ke8 38. Ke3 Rh3+ 39. Kd2 Nf4
40. Nc3 Rh2+ 41. Ke3 Ne6 42. b4 Rh3+ 43. Kd2 Nd4 44. Ra3 Kd7 45. b5 Kd6 46. b6
Kc6 47. Nd5 Nf3+ 48. Ke3 Nxg5+ 49. Kf4 Ne6+ 50. Ke5 Nc5 51. Nb4+ Kxb6 52. Nxd3
Rxd3 53. Rxd3 Nxd3+ 54. Kf6 1/2-1/2

[Event "ENCI Limburg-open A"]
[Site "Maastricht"]
[Date "2012.05.27"]
[Round "4"]
[White "Broekmeulen, Jasper"]
[Black "Schleipfenbauer, Frank"]
[Result "1-0"]
[WhiteElo "2405"]
[BlackElo "2073"]
[PlyCount "100"]
[EventDate "2012.05.25"]
[EventType "swiss"]
[EventRounds "7"]
[EventCountry "NED"]
[Source "P.Boonen"]
[SourceDate "2013.01.01"]

1. e4 c5 2. Nf3 d6 3. d4 cxd4 4. Nxd4 Nf6 5. Nc3 a6 6. f4 Qc7 7. Be2 e6 8. O-O
Nc6 9. Nxc6 bxc6 10. Qe1 d5 11. Bd3 d4 12. Ne2 c5 13. b3 Bb7 14. Ng3 h5 15. e5
Qc6 16. Rf3 h4 17. Nf1 Nd5 18. h3 Nb4 19. Nd2 Nxd3 20. cxd3 Rh6 21. Ne4 Be7 22.
Ba3 Qb5 23. Rc1 Rc8 24. Rc2 Rg6 25. Qe2 Bd5 26. f5 exf5 27. Rxf5 Bxe4 28. Qxe4
Qc6 29. Qf4 Qe6 30. Rf2 f6 31. Qxh4 fxe5 32. Qh5 Kd7 33. Rxe5 Rg5 34. Rxe6 Rxh5
35. Rxa6 Re5 36. Ra7+ Ke6 37. Bc1 Re1+ 38. Rf1 Re2 39. Ra6+ Ke5 40. Bf4+ Kd5
41. Bg3 Rf8 42. Rxf8 Bxf8 43. Ra8 Be7 44. Re8 Re3 45. Bf4 Re1+ 46. Kh2 Re6 47.
h4 Kc6 48. h5 Kd7 49. Rg8 Bf6 50. g4 Ke7 1-0

[Event "ENCI Limburg-open A"]
[Site "Maastricht"]
[Date "2012.05.27"]
[Round "4"]
[White "Broekmeulen, Joris"]
[Black "Bekker, Stefan"]
[Result "0-1"]
[WhiteElo "1999"]
[BlackElo "2175"]
[PlyCount "74"]
[EventDate "2012.05.25"]
[EventType "swiss"]
[EventRounds "7"]
[EventCountry "NED"]
[Source "P.Boonen"]
[SourceDate "2013.01.01"]

1. e4 c5 2. Nf3 d6 3. Nc3 Nf6 4. Bb5+ Bd7 5. Bxd7+ Qxd7 6. O-O Nc6 7. d3 e6 8.
h3 d5 9. exd5 exd5 10. d4 c4 11. Bg5 Be7 12. Bxf6 gxf6 13. Qe2 O-O-O 14. b3
Rhg8 15. Kh1 Rxg2 16. Kxg2 Rg8+ 17. Kh2 Bd6+ 18. Ne5 fxe5 19. f4 exf4 20. Qh5
Nxd4 21. Rg1 f3+ 22. Kh1 Re8 23. Rg4 Ne2 24. Qxd5 Nxc3 25. Rxc4+ Kb8 26. Qxf3
Ne4 27. Rd4 Nf2+ 28. Kg2 Nxh3 29. Rh1 Ng5 30. Qd5 Rg8 31. Kf1 Rg6 32. Rh5 h6
33. Rdh4 Qe7 34. Qd3 Rf6+ 35. Kg2 Qe1 36. Rxg5 Qf2+ 37. Kh3 Rf3+ 0-1

[Event "ENCI Limburg-open A"]
[Site "Maastricht"]
[Date "2012.05.27"]
[Round "4"]
[White "Coenen, Eduard"]
[Black "Stone, Andrew M"]
[Result "0-1"]
[WhiteElo "2042"]
[BlackElo "2233"]
[PlyCount "68"]
[EventDate "2012.05.25"]
[EventType "swiss"]
[EventRounds "7"]
[EventCountry "NED"]
[Source "P.Boonen"]
[SourceDate "2013.01.01"]

1. d4 e6 2. Nf3 Nf6 3. Bg5 h6 4. Bxf6 Qxf6 5. e3 b6 6. Bd3 Bb7 7. Nbd2 d6 8.
O-O Nd7 9. a4 a6 10. c4 a5 11. Rc1 Qd8 12. Rc3 Be7 13. Bb1 Nb8 14. Ne1 Na6 15.
f4 g6 16. d5 exd5 17. f5 g5 18. cxd5 Bf6 19. Qc2 Bxc3 20. Qxc3 Kd7 21. Nc4 Bxd5
22. Nf3 Re8 23. f6 Nc5 24. Bf5+ Kc6 25. Nd4+ Kb7 26. Rc1 Qxf6 27. Bd7 Qe7 28.
Bxe8 Rxe8 29. Nf5 Qd7 30. Nxh6 Qe6 31. Nxa5+ bxa5 32. b4 Qe4 33. Rc2 axb4 34.
Rb2 Nd3 0-1

[Event "ENCI Limburg-open A"]
[Site "Maastricht"]
[Date "2012.05.27"]
[Round "4"]
[White "Dalemans, Diana"]
[Black "Vedder, Henk"]
[Result "0-1"]
[WhiteElo "1964"]
[BlackElo "2373"]
[PlyCount "90"]
[EventDate "2012.05.25"]
[EventType "swiss"]
[EventRounds "7"]
[EventCountry "NED"]
[Source "P.Boonen"]
[SourceDate "2013.01.01"]

1. e4 e6 2. d4 d5 3. Nc3 Nf6 4. Bg5 Be7 5. e5 Nfd7 6. Bxe7 Qxe7 7. f4 a6 8. Nf3
c5 9. Qd2 Nc6 10. dxc5 Qxc5 11. O-O-O b5 12. Ne2 b4 13. Ned4 Nxd4 14. Nxd4 O-O
15. h4 a5 16. h5 a4 17. Kb1 Ba6 18. f5 Nxe5 19. fxe6 Bxf1 20. exf7+ Rxf7 21.
Rhxf1 Nc4 22. Qd3 Rxf1 23. Rxf1 Re8 24. Nf5 Re5 25. g4 Qf2 26. Rd1 Qg2 27. Qd4
Qe2 28. h6 g6 29. Ng3 Qe3 30. Qxe3 Nxe3 31. Re1 Nxg4 32. Rxe5 Nxe5 33. Ne2 g5
34. Kc1 Kf7 35. b3 axb3 36. axb3 Kg6 37. Kd2 Kxh6 38. Ke3 Nc6 39. Kf3 Kg6 40.
Kg3 h5 41. c3 bxc3 42. Nxc3 d4 43. Ne4 h4+ 44. Kh3 Kf5 45. Nf2 Kf4 0-1

[Event "ENCI Limburg-open A"]
[Site "Maastricht"]
[Date "2012.05.27"]
[Round "4"]
[White "De Wit, Albert"]
[Black "Klein, Felix"]
[Result "0-1"]
[WhiteElo "2042"]
[BlackElo "2286"]
[PlyCount "58"]
[EventDate "2012.05.25"]
[EventType "swiss"]
[EventRounds "7"]
[EventCountry "NED"]
[Source "P.Boonen"]
[SourceDate "2013.01.01"]

1. e4 c5 2. c3 Nf6 3. e5 Nd5 4. d4 cxd4 5. Nf3 e6 6. cxd4 d6 7. Bc4 Nb6 8. Bd3
dxe5 9. dxe5 N8d7 10. O-O Nc5 11. Bc2 Qxd1 12. Rxd1 Bd7 13. Nc3 Be7 14. Ne4 O-O
15. Be3 Rfc8 16. Rac1 Nxe4 17. Bxe4 Nd5 18. Rxc8+ Rxc8 19. Bxa7 Ra8 20. Bd4
Rxa2 21. h3 Bc6 22. Bb1 Ra8 23. Nd2 Nf4 24. Ne4 Rd8 25. Kh2 Ne2 26. Nd6 Bxd6
27. exd6 Rxd6 28. Bd3 Nxd4 29. Ra1 Rd8 0-1

[Event "ENCI Limburg-open A"]
[Site "Maastricht"]
[Date "2012.05.27"]
[Round "4"]
[White "Dijkhuis, Tycho"]
[Black "Kizilkaya, Mehmet"]
[Result "1-0"]
[WhiteElo "1968"]
[BlackElo "2201"]
[PlyCount "85"]
[EventDate "2012.05.25"]
[EventType "swiss"]
[EventRounds "7"]
[EventCountry "NED"]
[Source "P.Boonen"]
[SourceDate "2013.01.01"]

1. e4 e6 2. d4 d5 3. Nc3 Bb4 4. e5 c5 5. a3 Ba5 6. b4 cxd4 7. Qg4 Ne7 8. Nb5
Bc7 9. Qxg7 Rg8 10. Qxh7 a6 11. Nxd4 Bxe5 12. Bb2 Rh8 13. Qd3 Ng6 14. Ngf3 Bf6
15. O-O-O e5 16. Nb3 Be6 17. Nc5 e4 18. Bxf6 Qxf6 19. Qd4 Qf4+ 20. Nd2 Nc6 21.
Qe3 Qe5 22. Ndb3 a5 23. b5 a4 24. Nd4 Nxd4 25. Qxd4 Qc7 26. Nxe6 fxe6 27. Qf6
Qf7 28. Qxf7+ Kxf7 29. Rd4 Rhc8 30. Kb2 Kf6 31. h4 Ke5 32. Rb4 Rf8 33. h5 Ne7
34. f3 exf3 35. gxf3 Rxf3 36. Bd3 Rff8 37. h6 Rh8 38. Rg4 Nf5 39. Rg6 Raf8 40.
Re1+ Kf4 41. Rexe6 Rf7 42. Ref6 Rhf8 43. h7 1-0

[Event "ENCI Limburg-open A"]
[Site "Maastricht"]
[Date "2012.05.27"]
[Round "4"]
[White "Ducarmon, Quinten"]
[Black "Dambacher, Martijn"]
[Result "1-0"]
[WhiteElo "2368"]
[BlackElo "2484"]
[PlyCount "59"]
[EventDate "2012.05.25"]
[EventType "swiss"]
[EventRounds "7"]
[EventCountry "NED"]
[Source "P.Boonen"]
[SourceDate "2013.01.01"]

1. e4 c5 2. Nf3 e6 3. d4 cxd4 4. Nxd4 a6 5. Be2 d6 6. O-O Nf6 7. Nc3 b5 8. Bf3
Ra7 9. a4 b4 10. Na2 d5 11. e5 Nfd7 12. Re1 Be7 13. Bg4 O-O 14. Bxe6 fxe6 15.
Nxe6 Qa5 16. Be3 Rb7 17. Nc1 d4 18. Nb3 Qd5 19. Nxf8 Nxf8 20. Qxd4 Qf7 21. Na5
Ne6 22. Qd5 Rc7 23. Bb6 Rxc2 24. Rac1 Qf5 25. Ba7 Bd8 26. Rxc2 Qxc2 27. Bxb8
Bb6 28. Rf1 Kf7 29. Nc4 Bd4 30. Qc6 1-0

[Event "ENCI Limburg-open A"]
[Site "Maastricht"]
[Date "2012.05.27"]
[Round "4"]
[White "Ducarmon, Renzo"]
[Black "Majhi, Ankit"]
[Result "1-0"]
[WhiteElo "2047"]
[BlackElo "1909"]
[PlyCount "51"]
[EventDate "2012.05.25"]
[EventType "swiss"]
[EventRounds "7"]
[EventCountry "NED"]
[Source "P.Boonen"]
[SourceDate "2013.01.01"]

1. e4 e5 2. Bc4 Nf6 3. d3 d5 4. exd5 Nxd5 5. Nf3 Nc6 6. Qe2 f6 7. h3 Be7 8. O-O
Nb6 9. Bb3 Bf5 10. Be3 Qd7 11. Nh4 Be6 12. Qh5+ Kd8 13. Nc3 Bd6 14. Ne4 Qe8 15.
Qf3 Kd7 16. Nf5 Qg6 17. Neg3 h5 18. Bxe6+ Kxe6 19. h4 Nd5 20. c4 Nde7 21. Nxe7
Nxe7 22. c5 f5 23. cxd6 cxd6 24. Rfe1 Nd5 25. Bg5 f4 26. Ne2 1-0

[Event "ENCI Limburg-open A"]
[Site "Maastricht"]
[Date "2012.05.27"]
[Round "4"]
[White "Ernst, Sipke"]
[Black "Coenen, Michael"]
[Result "1-0"]
[WhiteElo "2554"]
[BlackElo "2306"]
[PlyCount "125"]
[EventDate "2012.05.25"]
[EventType "swiss"]
[EventRounds "7"]
[EventCountry "NED"]
[Source "P.Boonen"]
[SourceDate "2013.01.01"]
[TimeControl "7200+625"]
[WhiteClock "0:42:49"]
[BlackClock "0:01:27"]

1. d4 e6 2. Nf3 c5 3. c4 cxd4 4. Nxd4 Nf6 5. g3 d5 6. Bg2 Be7 7. cxd5 exd5 8.
Nc3 O-O 9. O-O Nc6 10. Bg5 h6 11. Be3 Re8 12. Qa4 Nxd4 13. Bxd4 Be6 14. Rfd1 a6
15. Qb3 b5 16. Bxf6 Bxf6 17. Nxd5 Ra7 18. Rd3 Bxd5 19. Bxd5 Qc7 20. e4 Rc8 21.
Re1 Qe5 22. Rd2 Bd8 23. Qe3 Qb8 24. Red1 Ba5 25. Re2 Bb6 26. Qf3 Qe5 27. Kg2
Rac7 28. Bb3 Bd4 29. Red2 Rd7 30. Bd5 Bb6 31. Qg4 Rdd8 32. Bb3 Qf6 33. h4 Rxd2
34. Rxd2 Rd8 35. Rxd8+ Qxd8 36. Qg6 Qf6 37. Bxf7+ Qxf7 38. Qxb6 Qxa2 39. Qd8+
Kf7 40. Qd7+ Kf8 41. b4 Qb1 42. Qd4 Qe1 43. Kf3 Kf7 44. Kf4 Qc1+ 45. Kg4 Qc8+
46. Kf3 Qc1 47. Qd5+ Ke7 48. Qe5+ Kd8 49. Qd4+ Ke8 50. Kg4 Qc8+ 51. Kf4 Qc2 52.
Kf5 Qc8+ 53. Kf4 Qc2 54. f3 g5+ 55. hxg5 Qc1+ 56. Kg4 Qxg5+ 57. Kh3 Qc1 58. f4
Qc8+ 59. f5 Qc1 60. Qe5+ Kf7 61. Qd5+ Kf8 62. Qd8+ Kf7 63. Kg4 1-0

[Event "ENCI Limburg-open A"]
[Site "Maastricht"]
[Date "2012.05.27"]
[Round "4"]
[White "Esser, Norbert"]
[Black "Holscher, Peter"]
[Result "1-0"]
[WhiteElo "2175"]
[BlackElo "2089"]
[PlyCount "71"]
[EventDate "2012.05.25"]
[EventType "swiss"]
[EventRounds "7"]
[EventCountry "NED"]
[Source "P.Boonen"]
[SourceDate "2013.01.01"]

1. e4 d6 2. d4 Nf6 3. Nc3 c6 4. Nf3 g6 5. Be3 Bg4 6. Be2 Bg7 7. Qd2 b5 8. a3 a6
9. h3 Bxf3 10. Bxf3 O-O 11. Rd1 Qc7 12. O-O Nbd7 13. g3 Rad8 14. Bg2 Nb6 15. b3
c5 16. dxc5 dxc5 17. Nd5 Nbxd5 18. exd5 Ne8 19. Rfe1 Nd6 20. Bf4 Rfe8 21. Re2
Qb6 22. Rde1 Rd7 23. h4 b4 24. axb4 cxb4 25. Be3 Qa5 26. Bd4 Bxd4 27. Qxd4 Nb5
28. Qg4 Rc7 29. h5 Nc3 30. Re5 Qb6 31. hxg6 hxg6 32. Re6 Qb5 33. Rxg6+ fxg6 34.
Qxg6+ Kf8 35. Qh6+ Kg8 36. Re5 1-0

[Event "ENCI Limburg-open A"]
[Site "Maastricht"]
[Date "2012.05.27"]
[Round "4"]
[White "Friesen, Boris"]
[Black "Goudriaan, Etienne"]
[Result "0-1"]
[WhiteElo "2079"]
[BlackElo "2321"]
[PlyCount "88"]
[EventDate "2012.05.25"]
[EventType "swiss"]
[EventRounds "7"]
[EventCountry "NED"]
[Source "P.Boonen"]
[SourceDate "2013.01.01"]

1. e4 c5 2. Nf3 d6 3. d4 cxd4 4. Nxd4 Nf6 5. Nc3 a6 6. Be3 e5 7. Nb3 Be6 8. f3
Nbd7 9. g4 Nb6 10. g5 Nh5 11. Qd2 Be7 12. O-O-O O-O 13. Kb1 Rc8 14. Qf2 Nc4 15.
Bxc4 Rxc4 16. h4 Qe8 17. Nd5 Bxd5 18. Rxd5 f5 19. Nd2 Rc8 20. Qg2 Qc6 21. Rc1
Bd8 22. Rd3 Bb6 23. Rc3 Qxc3 24. bxc3 Bxe3 25. Qe2 Rxc3 26. Rd1 Nf4 27. Qe1
Rfc8 28. exf5 d5 29. f6 d4 30. Ne4 R3c6 31. Qa5 b5 32. Qb4 Nd5 33. Qb3 Rc4 34.
Ka1 R8c6 35. fxg7 Kxg7 36. Ng3 Nc3 37. Rd3 Bc1 38. Nf5+ Kf7 39. f4 Bxf4 40. Qa3
Ke6 41. Qf8 Bc1 42. Qe7+ Kd5 43. Qd7+ Kc5 44. Ne7 Bb2+ 0-1

[Event "ENCI Limburg-open A"]
[Site "Maastricht"]
[Date "2012.05.27"]
[Round "4"]
[White "Gajewski, Grzegorz"]
[Black "Brustkern, Juergen"]
[Result "1-0"]
[WhiteElo "2622"]
[BlackElo "2244"]
[PlyCount "75"]
[EventDate "2012.05.25"]
[EventType "swiss"]
[EventRounds "7"]
[EventCountry "NED"]
[Source "P.Boonen"]
[SourceDate "2013.01.01"]

1. d4 Nf6 2. c4 c5 3. d5 b5 4. cxb5 a6 5. bxa6 g6 6. Nc3 Bxa6 7. e4 Bxf1 8.
Kxf1 d6 9. g3 Bg7 10. Kg2 O-O 11. Nf3 Nbd7 12. a4 Ra6 13. Qc2 Qa8 14. Ra3 Nb6
15. b3 Ne8 16. Nb5 f5 17. Rd1 fxe4 18. Qxe4 e5 19. Bg5 Qb7 20. Bd8 Qf7 21. Ra2
h6 22. Nh4 Kh7 23. Be7 Nf6 24. Bxf6 Qxf6 25. Rd3 Nd7 26. Nc7 Rb6 27. Ne6 Rb4
28. Nxf8+ Nxf8 29. Qf3 Qg5 30. Qe3 e4 31. Rd1 Nd7 32. a5 Qd8 33. a6 Qa8 34. Ra4
Rxa4 35. bxa4 Nf6 36. Qe2 Nxd5 37. Qxe4 Ne3+ 38. Kf3 1-0

[Event "ENCI Limburg-open A"]
[Site "Maastricht"]
[Date "2012.05.27"]
[Round "4"]
[White "Goes, Sten"]
[Black "Clemens, Adrian HP"]
[Result "1-0"]
[WhiteElo "2147"]
[BlackElo "2245"]
[PlyCount "81"]
[EventDate "2012.05.25"]
[EventType "swiss"]
[EventRounds "7"]
[EventCountry "NED"]
[Source "P.Boonen"]
[SourceDate "2013.01.01"]

1. e4 c6 2. d4 d5 3. e5 Bf5 4. Nc3 a6 5. Be3 e6 6. g4 Bg6 7. Nge2 Nd7 8. h4 h5
9. Nf4 Ne7 10. f3 c5 11. Qd2 Qc7 12. Bb5 O-O-O 13. Bxd7+ Rxd7 14. O-O-O Nc6 15.
Nxg6 fxg6 16. Ne2 cxd4 17. Nxd4 Qxe5 18. Nxc6 bxc6 19. Rhe1 Qc7 20. Qd3 hxg4
21. fxg4 Rxh4 22. Qxa6+ Qb7 23. Qa4 Bb4 24. c3 Bd6 25. Rd2 e5 26. Bg5 Rh3 27.
Rf2 Kb8 28. Ref1 Rg3 29. Rh1 Qb6 30. Rh8+ Kc7 31. Qa8 Rg1+ 32. Kc2 Qxf2+ 33.
Bd2 Bf8 34. Rxf8 Qb6 35. Qe8 c5 36. Qxe5+ Qd6 37. Qe8 Re7 38. Qb8+ Kc6 39. Qa8+
Kb6 40. Rb8+ Qxb8 41. Qxb8+ 1-0

[Event "ENCI Limburg-open A"]
[Site "Maastricht"]
[Date "2012.05.27"]
[Round "4"]
[White "Hamblok, Roel"]
[Black "Gengler, Pierre"]
[Result "1-0"]
[WhiteElo "2260"]
[BlackElo "2153"]
[PlyCount "83"]
[EventDate "2012.05.25"]
[EventType "swiss"]
[EventRounds "7"]
[EventCountry "NED"]
[Source "P.Boonen"]
[SourceDate "2013.01.01"]

1. d4 Nf6 2. Nc3 d6 3. e4 g6 4. Bg5 Bg7 5. Qd2 h6 6. Bf4 Nbd7 7. O-O-O g5 8.
Bg3 Nh5 9. Nge2 e5 10. f3 c6 11. Bf2 Qe7 12. h4 Nb6 13. hxg5 hxg5 14. g4 Nf4
15. Rxh8+ Bxh8 16. Nxf4 gxf4 17. a4 Nd7 18. d5 c5 19. Nb5 Nf8 20. Na3 a5 21.
Nb5 b6 22. Na3 Bf6 23. Bb5+ Nd7 24. Nc4 Rb8 25. Rh1 Kd8 26. Rh6 Qf8 27. g5 Bxg5
28. Rxd6 Be7 29. Rc6 Qh8 30. Qe1 Bb7 31. Qd1 Qh3 32. b3 f5 33. Rg6 fxe4 34.
Rg8+ Bf8 35. Bxd7 Kxd7 36. Nxe5+ Kd6 37. Nc4+ Ke7 38. fxe4 Qh7 39. Qg4 Qh1+ 40.
Kb2 Qxe4 41. Rg7+ Bxg7+ 42. Qxg7+ 1-0

[Event "ENCI Limburg-open A"]
[Site "Maastricht"]
[Date "2012.05.27"]
[Round "4"]
[White "Harff, Wilfried"]
[Black "Van Foreest, Jorden"]
[Result "1/2-1/2"]
[WhiteElo "2187"]
[BlackElo "2175"]
[PlyCount "105"]
[EventDate "2012.05.25"]
[EventType "swiss"]
[EventRounds "7"]
[EventCountry "NED"]
[Source "P.Boonen"]
[SourceDate "2013.01.01"]

1. c4 c6 2. Nc3 d5 3. e3 Nf6 4. Nf3 g6 5. d4 Bg7 6. Qb3 O-O 7. Ne5 e6 8. Be2 a6
9. a4 Nbd7 10. f4 dxc4 11. Qxc4 c5 12. Nxd7 Nxd7 13. dxc5 Qc7 14. b4 b6 15. Ba3
bxc5 16. Rc1 Bb7 17. O-O Rfc8 18. Ne4 Bd5 19. Qc2 cxb4 20. Qxc7 Rxc7 21. Rxc7
bxa3 22. Nc3 Nb6 23. a5 Nc8 24. Ra1 a2 25. Bf3 Bxf3 26. gxf3 Nd6 27. Rxa2 Nf5
28. Kf2 Rd8 29. Ke2 e5 30. Rd2 Re8 31. Rcd7 exf4 32. Rd8 Kf8 33. Rxe8+ Kxe8 34.
Nd5 fxe3 35. Ra2 Nd4+ 36. Kxe3 Ne6 37. Rc2 Kd7 38. Nb4 Nc7 39. Kd3 Bf8 40. Kc4
Bd6 41. Rd2 h5 42. h3 g5 43. Nd5 Nxd5 44. Kxd5 Bb4 45. Ra2 f5 46. Ke5 g4 47.
Kxf5 gxf3 48. Kf4 Kc6 49. Kxf3 Kb5 50. Kf4 Bxa5 51. Kg5 Bc3 52. Kxh5 a5 53.
Rxa5+ 1/2-1/2

[Event "ENCI Limburg-open A"]
[Site "Maastricht"]
[Date "2012.05.27"]
[Round "4"]
[White "Heinis, Vincent"]
[Black "Vandevoort, Pascal"]
[Result "0-1"]
[WhiteElo "2141"]
[BlackElo "2391"]
[PlyCount "54"]
[EventDate "2012.05.25"]
[EventType "swiss"]
[EventRounds "7"]
[EventCountry "NED"]
[Source "P.Boonen"]
[SourceDate "2013.01.01"]

1. Nf3 c5 2. e4 d6 3. Bb5+ Nd7 4. d4 cxd4 5. Qxd4 e5 6. Qd3 a6 7. Bxd7+ Bxd7 8.
c4 b5 9. Na3 Rb8 10. O-O Be7 11. Rd1 Bc6 12. cxb5 axb5 13. Nc2 Nf6 14. Nb4 Bxe4
15. Qe2 Qc8 16. Ng5 Ba8 17. Be3 O-O 18. a3 Qc4 19. Qe1 Qg4 20. f3 Qf5 21. Qe2
d5 22. Na6 d4 23. g4 Qc8 24. Nxb8 dxe3 25. Rac1 Qxb8 26. Qxe3 Nd5 27. Qd2 Qb6+
0-1